[Event "CFriend AP-2004-Q-00023 email"]
[Site "Chessfriend.com"]
[Date "2004.12.22"]
[Round "1"]
[White "Theunisse, Arthur"]
[Black "Rosenova, Daniela"]
[Result "0-1"]
[WhiteElo "1838"]
[BlackElo "2086"]
[PlyCount "30"]
[EventDate "2004.??.??"]
[EventType "tourn (corr)"]
[EventRounds "12"]
[SourceTitle "Corr 2024"]
[Source "ChessBase"]
[SourceDate "2023.10.19"]
[SourceVersion "1"]
[SourceVersionDate "2023.10.19"]
[SourceQuality "1"]

1. e4 e5 2. Nf3 d6 3. d4 Nd7 4. Bc4 c6 5. 0-0 Be7 6. dxe5 dxe5 7. Ng5 Bxg5 8. Qh5 g6 9. Qxg5 Qxg5 10. Bxg5 Ngf6 11. Nc3 b5 12. Bd3 h6 13. Be3 Ng4 14. Bd2 g5 15. f3 Ngf6 0-1